000
00332nam a2200145Ia 4500
005
20241024021839.0
008
240331s9999 xx 000 0 und d
082
_b
AND
_a
823
100
_a
Anand, M.R
245
0
_a
Untouchable
260
_a
New Delhi
_b
Arnold Publishers
_c
1935
300
_a
182 p.,
650
_a
Stories
942
_c
L
999
_c
3343
_d
3343